Código procesal civil y comercial de la provincia de Buenos Aires : y leyes complementarias /

Guardado en:
Formato: Libro
Idioma:Spanish
Publicado: La Plata : LEX, 2016.
Edición:31a. ed.
Materias:
Etiquetas: Agregar Etiqueta
Sin Etiquetas, Sea el primero en etiquetar este registro!
LEADER 00488nam a22001455a 4500
001 DER.der015305
008 250929s2016####ag#||||||||||||||#||spa||
005 20250929122137.0
245 1 0 |a Código procesal civil y comercial de la provincia de Buenos Aires :  |b y leyes complementarias /  |c Buenos Aires. 
250 |a 31a. ed. 
260 |a La Plata :  |b LEX,  |c 2016. 
300 |a 850 p. 
240 1 0 |a Buenos Aires - Códigos 
650 7 |a DERECHO PROCESAL CIVIL 
859 |a DERECHO  |b BIB. DERECHO  |h 347.05  |i BUE  |p 0010650